| 000 | 00508nam a2200193 a 4500 | ||
|---|---|---|---|
| 001 | 5670 | ||
| 003 | CO-ViMGA | ||
| 008 | 141112s2004 ck r 000 u spa d | ||
| 040 |
_aCO-ViMGA _bspa _cCO-ViMGA |
||
| 082 | 0 | 4 | _a721.0441 L187m |
| 100 | 1 |
_aLawrence, Mike _954894 |
|
| 245 | 1 | 0 | _aMamposterÃa de exteriores |
| 260 |
_aBarcelona : _bGustavo Gili, _c1996 |
||
| 300 | _a96 p : il | ||
| 490 | _aPaso a paso | ||
| 650 | 1 | 4 |
_aJARDINES - CONSTRCUCCION _94095 |
| 650 | 1 | 4 |
_aMAMPOSTERIA _94096 |
| 942 |
_2ddc _cBK |
||
| 999 |
_c17651 _d17651 |
||